[Event "Copa Latina 2015"]
[Site "Vicente Lopez ARG"]
[Date "2015.03.19"]
[Round "1.1"]
[White "Dastugue, Raul"]
[Black "Mekhitarian, Krikor"]
[Result "1/2-1/2"]
[WhiteElo "2054"]
[BlackElo "2556"]
[PlyCount "129"]
[EventDate "2015.03.19"]
[EventType "swiss"]
[EventRounds "9"]
[EventCountry "ARG"]
[Source "lmi"]
[SourceDate "2015.03.19"]

1. Nf3 Nf6 2. g3 g6 3. b3 Bg7 4. Bb2 O-O 5. c4 d6 6. Bg2 e5 7. d3 Re8 8. O-O
Nc6 9. e4 Nd7 10. Nc3 Nc5 11. Ne1 Nd4 12. Nc2 c6 13. Ne2 Nce6 14. Ncxd4 exd4
15. Bc1 a5 16. Nf4 Nc5 17. Ba3 Bh6 18. Bxc5 dxc5 19. Bh3 f5 20. exf5 Bxf4 21.
gxf4 Rf8 22. Qe2 Qh4 23. Qg4 Qh6 24. Bg2 Rxf5 25. Rfe1 Qf8 26. Re4 Bd7 27. Qh4
Qf6 28. Qg3 Rh5 29. Re5 Rh4 30. Rae1 Rxf4 31. R1e4 Rxe4 32. Bxe4 b6 33. h4 Rf8
34. h5 Be8 35. hxg6 Bxg6 36. Bxg6 hxg6 37. Re4 Kg7 38. f4 Rf7 39. Kg2 Qf5 40.
Qh3 Qxh3+ 41. Kxh3 g5 42. fxg5 Rf3+ 43. Kg4 Rxd3 44. Re6 Rd1 45. Rxc6 d3 46.
Kf3 Re1 47. Rd6 a4 48. Rxd3 Ra1 49. Rd2 a3 50. Ke3 Kg6 51. Rd6+ Kxg5 52. Rxb6
Rxa2 53. Rb5 Rb2 54. Rxc5+ Kf6 55. Ra5 Rxb3+ 56. Kd4 Ke6 57. Kc5 Ke5 58. Kc6+
Kd4 59. c5 Kc3 60. Kd6 Kb4 61. Ra8 Rd3+ 62. Kc6 Rc3 63. Kb6 Rxc5 64. Rxa3 Kxa3
65. Kxc5 1/2-1/2

[Event "Copa Latina 2015"]
[Site "Vicente Lopez ARG"]
[Date "2015.03.19"]
[Round "1.2"]
[White "Perez Ponsa, Federico"]
[Black "Luz, Arthur"]
[Result "1-0"]
[WhiteElo "2540"]
[BlackElo "2049"]
[PlyCount "55"]
[EventDate "2015.03.19"]
[EventType "swiss"]
[EventRounds "9"]
[EventCountry "ARG"]
[Source "lmi"]
[SourceDate "2015.03.19"]

1. d4 Nf6 2. c4 g6 3. Nc3 Bg7 4. e4 d6 5. h3 O-O 6. Bg5 e5 7. dxe5 dxe5 8. Qxd8
Rxd8 9. Nd5 Nxd5 10. Bxd8 Nb4 11. Rd1 N8a6 12. Bg5 Be6 13. a3 Nc2+ 14. Kd2 Nd4
15. b4 c6 16. Nf3 Nxf3+ 17. gxf3 f6 18. Be3 Bf8 19. Be2 Nc7 20. Kc3 a5 21. Ra1
a4 22. Bb6 Ne8 23. Rad1 Be7 24. h4 Kf7 25. h5 g5 26. h6 Kg6 27. f4 Kf7 28. f5
1-0

[Event "Copa Latina 2015"]
[Site "Vicente Lopez ARG"]
[Date "2015.03.19"]
[Round "1.3"]
[White "Pernas, Agustin"]
[Black "Obregon, Carlos"]
[Result "0-1"]
[WhiteElo "2048"]
[BlackElo "2531"]
[PlyCount "74"]
[EventDate "2015.03.19"]
[EventType "swiss"]
[EventRounds "9"]
[EventCountry "ARG"]
[Source "lmi"]
[SourceDate "2015.03.19"]

1. e4 c5 2. Nf3 e6 3. d4 cxd4 4. Nxd4 Nc6 5. Nc3 Qc7 6. Be3 a6 7. Bd3 Nf6 8.
Nxc6 bxc6 9. O-O d5 10. Qf3 Bd6 11. h3 O-O 12. Bg5 Bh2+ 13. Kh1 Be5 14. Rfe1 h6
15. Bh4 Bb7 16. Bxf6 Bxf6 17. Qh5 Qf4 18. e5 Be7 19. Kg1 c5 20. Qg4 Qxg4 21.
hxg4 c4 22. Bf1 Bc5 23. Red1 f6 24. exf6 Rxf6 25. Rd2 Raf8 26. Nd1 Rf4 27. Be2
Rxf2 28. Nxf2 Rxf2 29. Kh2 Be3 30. Kg3 d4 31. Rg1 Bd5 32. a3 g5 33. a4 Rxe2 34.
Rxe2 Bxg1 35. Rd2 Be3 36. Rd1 Be4 37. c3 d3 0-1

[Event "Copa Latina 2015"]
[Site "Vicente Lopez ARG"]
[Date "2015.03.19"]
[Round "1.4"]
[White "Hernandez, Gilberto"]
[Black "Conde, Adrian"]
[Result "1-0"]
[WhiteElo "2517"]
[BlackElo "2037"]
[PlyCount "53"]
[EventDate "2015.03.19"]
[EventType "swiss"]
[EventRounds "9"]
[EventCountry "ARG"]
[Source "lmi"]
[SourceDate "2015.03.19"]

1. e4 e5 2. Nf3 Nc6 3. Bb5 Nf6 4. d3 Bc5 5. c3 d6 6. d4 exd4 7. cxd4 Bb4+ 8.
Bd2 Bxd2+ 9. Nbxd2 O-O 10. Bxc6 bxc6 11. O-O Rb8 12. Qc2 Re8 13. Rfe1 Bb7 14.
h3 h6 15. Re3 Qd7 16. Rae1 Re7 17. Nh4 c5 18. dxc5 dxc5 19. Nf5 Re6 20. Rg3 Nh5
21. Rd3 Qe8 22. Rde3 Rd8 23. Nb3 Qa4 24. Qxc5 Nf6 25. Qxc7 Rd7 26. Qg3 Nh5 27.
Qg4 1-0

[Event "Copa Latina 2015"]
[Site "Vicente Lopez ARG"]
[Date "2015.03.19"]
[Round "1.5"]
[White "Franco, Gaston"]
[Black "Rodriguez Vila, Andres"]
[Result "0-1"]
[WhiteElo "2037"]
[BlackElo "2492"]
[PlyCount "80"]
[EventDate "2015.03.19"]
[EventType "swiss"]
[EventRounds "9"]
[EventCountry "ARG"]
[Source "lmi"]
[SourceDate "2015.03.19"]

1. e4 e6 2. d4 d5 3. e5 c5 4. c3 Bd7 5. Nf3 Qb6 6. Bd3 cxd4 7. cxd4 Nc6 8. O-O
Nxd4 9. Nxd4 Qxd4 10. Nc3 a6 11. Qe2 Ne7 12. Rd1 Nc6 13. Be3 Qxe5 14. f4 Qd6
15. Qf3 Be7 16. Rac1 Qb4 17. Ne2 O-O 18. Kh1 Rac8 19. Rc3 f5 20. Rb3 Qd6 21.
Rxb7 Nb4 22. Bd4 Bf6 23. a3 Nxd3 24. Qxd3 Bb5 25. Qg3 Rc7 26. Rxc7 Qxc7 27.
Bxf6 Rxf6 28. Nd4 Bd7 29. Qe3 Qd6 30. Nf3 Rf8 31. Ne5 Rc8 32. h3 h6 33. Re1 d4
34. Qb3 Bc6 35. Rd1 Be4 36. Rxd4 Rc1+ 37. Kh2 Bd5 38. Qa4 Qd8 39. Qxa6 Qh4 40.
Qa4 Rh1+ 0-1

[Event "Copa Latina 2015"]
[Site "Vicente Lopez ARG"]
[Date "2015.03.19"]
[Round "1.6"]
[White "Bachmann, Axel"]
[Black "Besso, Guadalupe"]
[Result "1-0"]
[WhiteElo "2614"]
[BlackElo "2065"]
[PlyCount "47"]
[EventDate "2015.03.19"]
[EventType "swiss"]
[EventRounds "9"]
[EventCountry "ARG"]
[Source "lmi"]
[SourceDate "2015.03.19"]

1. c4 c5 2. Nf3 d6 3. d4 cxd4 4. Nxd4 g6 5. e4 Bg7 6. Nc3 Nf6 7. Be2 O-O 8. O-O
Nc6 9. Be3 Nxd4 10. Bxd4 Be6 11. Qd2 Qa5 12. Rfd1 Rfc8 13. b3 a6 14. Qb2 Qd8
15. Bf3 Qf8 16. e5 dxe5 17. Bxe5 Bg4 18. Bxf6 Bxf3 19. Bxg7 Qxg7 20. gxf3 b5
21. Qc2 bxc4 22. Nd5 Rc5 23. Qe4 Re8 24. bxc4 1-0

[Event "Copa Latina 2015"]
[Site "Vicente Lopez ARG"]
[Date "2015.03.19"]
[Round "1.7"]
[White "Amato, Leonel"]
[Black "Cori Tello, Jorge"]
[Result "0-1"]
[WhiteElo "2064"]
[BlackElo "2596"]
[PlyCount "96"]
[EventDate "2015.03.19"]
[EventType "swiss"]
[EventRounds "9"]
[EventCountry "ARG"]
[Source "lmi"]
[SourceDate "2015.03.19"]

1. e4 c5 2. Nf3 e6 3. d3 Nc6 4. g3 d5 5. Nbd2 Nf6 6. Bg2 Be7 7. O-O b6 8. Re1
Bb7 9. h3 h6 10. Nh2 dxe4 11. dxe4 Qc7 12. c3 Ne5 13. Nc4 Rd8 14. Qc2 Nxc4 15.
Qa4+ Nd7 16. Qxc4 Ne5 17. Bf4 Nxc4 18. Bxc7 Rc8 19. Bf1 Nxb2 20. Bb5+ Kf8 21.
Bxb6 axb6 22. Rab1 Bd6 23. Rxb2 Ke7 24. Nf3 Rhd8 25. Nd2 Be5 26. Re3 Ra8 27.
Kg2 g5 28. f3 h5 29. Be2 Bc7 30. Nc4 Rab8 31. Nxb6 h4 32. Na4 Bc6 33. Rxb8 Rxb8
34. Nxc5 Bb6 35. Na6 Ra8 36. Nb4 Bxe3 37. Nxc6+ Kd6 38. Nb4 Bd2 39. Bc4 Rc8 40.
Bb3 hxg3 41. Kxg3 Bf4+ 42. Kg2 Rxc3 43. Nc2 Rd3 44. Na3 Rd2+ 45. Kg1 Kc5 46.
Nb1 Be3+ 47. Kh1 Rf2 48. Nc3 Bd4 0-1

[Event "Copa Latina 2015"]
[Site "Vicente Lopez ARG"]
[Date "2015.03.19"]
[Round "1.8"]
[White "Felgaer, Ruben"]
[Black "Nejanky, Maisa"]
[Result "1-0"]
[WhiteElo "2580"]
[BlackElo "2062"]
[PlyCount "67"]
[EventDate "2015.03.19"]
[EventType "swiss"]
[EventRounds "9"]
[EventCountry "ARG"]
[Source "lmi"]
[SourceDate "2015.03.19"]

1. e4 c5 2. Ne2 d6 3. g3 Nc6 4. Bg2 g6 5. O-O Bg7 6. c3 e5 7. d3 Nge7 8. Be3
Bg4 9. h3 Be6 10. Nd2 b6 11. Nf3 h6 12. d4 Na5 13. d5 Bd7 14. Nd2 b5 15. b4 Nb7
16. Nb3 Qb6 17. Rb1 Qc7 18. bxc5 dxc5 19. Nxc5 Nxc5 20. d6 Qc6 21. dxe7 Kxe7
22. f4 Rad8 23. Qc1 Na4 24. f5 g5 25. Rd1 Bf6 26. Bxa7 Bc8 27. Nd4 exd4 28. e5
Qxc3 29. Rxb5 Qxc1 30. Rxc1 Nc3 31. exf6+ Kxf6 32. Bxd4+ Rxd4 33. Rxc3 Bxf5 34.
Rf3 1-0

[Event "Copa Latina 2015"]
[Site "Vicente Lopez ARG"]
[Date "2015.03.19"]
[Round "1.9"]
[White "Anelli, Antonio"]
[Black "Flores, Diego"]
[Result "0-1"]
[WhiteElo "2060"]
[BlackElo "2569"]
[PlyCount "78"]
[EventDate "2015.03.19"]
[EventType "swiss"]
[EventRounds "9"]
[EventCountry "ARG"]
[Source "lmi"]
[SourceDate "2015.03.19"]

1. d4 Nf6 2. c4 e6 3. Nc3 c5 4. e3 d5 5. Nf3 Nc6 6. a3 a6 7. dxc5 Bxc5 8. b4
Ba7 9. Bb2 O-O 10. Be2 d4 11. exd4 Nxd4 12. Nxd4 Bxd4 13. O-O e5 14. Na4 Bd7
15. Bxd4 Bxa4 16. Qxa4 exd4 17. Bf3 Qc7 18. c5 Rad8 19. Rad1 Rfe8 20. g3 h5 21.
c6 bxc6 22. Qxa6 c5 23. Qc4 Re5 24. Rfe1 Rf5 25. Be4 Re5 26. Bf3 Nd7 27. bxc5
Rxe1+ 28. Rxe1 Ne5 29. Qe2 Re8 30. Rd1 Qxc5 31. Bg2 g6 32. h3 h4 33. gxh4 Re6
34. a4 d3 35. Qd2 Qd4 36. a5 Nc4 37. Qb4 Re2 38. Rf1 d2 39. Bf3 d1=Q 0-1

[Event "Copa Latina 2015"]
[Site "Vicente Lopez ARG"]
[Date "2015.03.19"]
[Round "1.10"]
[White "Morovic, Ivan"]
[Black "Calens, Diego"]
[Result "1-0"]
[WhiteElo "2568"]
[BlackElo "2059"]
[PlyCount "65"]
[EventDate "2015.03.19"]
[EventType "swiss"]
[EventRounds "9"]
[EventCountry "ARG"]
[Source "lmi"]
[SourceDate "2015.03.19"]

1. e4 e6 2. d4 d5 3. Nc3 Bb4 4. a3 Bxc3+ 5. bxc3 dxe4 6. Qg4 Nf6 7. Qxg7 Rg8 8.
Qh6 Nbd7 9. Ne2 b6 10. Ng3 Bb7 11. Be2 Qe7 12. a4 Rg6 13. Qh4 Qd6 14. O-O O-O-O
15. Rd1 Rdg8 16. c4 Qc6 17. Be3 Nf8 18. c5 Qe8 19. cxb6 axb6 20. c4 Ng4 21. a5
Nxe3 22. fxe3 bxa5 23. Rxa5 Qd8 24. Qxd8+ Kxd8 25. Ra7 Bc6 26. Bf1 f5 27. d5
exd5 28. Nxf5 Rg5 29. cxd5 Rxf5 30. dxc6+ Ke8 31. Rxc7 Ne6 32. Rc8+ Kf7 33.
Rd7+ 1-0

[Event "Copa Latina 2015"]
[Site "Vicente Lopez ARG"]
[Date "2015.03.19"]
[Round "1.11"]
[White "Valerga, Diego"]
[Black "Aguero Arce, Matias"]
[Result "1-0"]
[WhiteElo "2482"]
[BlackElo "2035"]
[PlyCount "23"]
[EventDate "2015.03.19"]
[EventType "swiss"]
[EventRounds "9"]
[EventCountry "ARG"]
[Source "lmi"]
[SourceDate "2015.03.19"]

1. d4 d5 2. c4 c6 3. Nf3 Bf5 4. cxd5 cxd5 5. Qb3 Qc8 6. Nc3 e6 7. Bf4 Na6 8. e4
dxe4 9. Bb5+ Ke7 10. Ne5 Kf6 11. Rc1 Qd8 12. Bg5+ 1-0

[Event "Copa Latina 2015"]
[Site "Vicente Lopez ARG"]
[Date "2015.03.19"]
[Round "1.12"]
[White "Cabrera Pando, Ramiro"]
[Black "Pichot, Alan"]
[Result "0-1"]
[WhiteElo "2033"]
[BlackElo "2482"]
[PlyCount "76"]
[EventDate "2015.03.19"]
[EventType "swiss"]
[EventRounds "9"]
[EventCountry "ARG"]
[Source "lmi"]
[SourceDate "2015.03.19"]

1. d4 Nf6 2. c4 c5 3. d5 e6 4. Nc3 exd5 5. cxd5 d6 6. Nf3 g6 7. g3 a6 8. a4 Bg7
9. Bg2 O-O 10. O-O Nbd7 11. h3 Re8 12. Bf4 Nh5 13. Bg5 Qb6 14. Qc2 Ne5 15. g4
Nxf3+ 16. Bxf3 Nf6 17. Qd2 Qb4 18. Qf4 Nd7 19. Qxb4 cxb4 20. Ne4 Be5 21. Bd2 a5
22. Be3 f5 23. Ng5 f4 24. Ne6 fxe3 25. Nc7 exf2+ 26. Kg2 Nc5 27. Nxa8 Bxb2 28.
Rab1 Nxa4 29. Nc7 Re7 30. Nb5 Be5 31. Rfc1 Bd7 32. Rc7 Kf7 33. Na7 Nc3 34. Rf1
Bd4 35. Rxb7 Be8 36. Rxe7+ Kxe7 37. Nc6+ Bxc6 38. dxc6 b3 0-1

[Event "Copa Latina 2015"]
[Site "Vicente Lopez ARG"]
[Date "2015.03.19"]
[Round "1.13"]
[White "Dolezal, Cristian"]
[Black "Flynn, Mariano"]
[Result "1-0"]
[WhiteElo "2457"]
[BlackElo "2033"]
[PlyCount "87"]
[EventDate "2015.03.19"]
[EventType "swiss"]
[EventRounds "9"]
[EventCountry "ARG"]
[Source "lmi"]
[SourceDate "2015.03.19"]

1. d4 Nf6 2. c4 Nc6 3. Nf3 e6 4. g3 d5 5. Nbd2 Be7 6. Bg2 O-O 7. O-O Ne4 8. e3
f5 9. cxd5 exd5 10. Ne1 Be6 11. Nd3 g5 12. Nb3 b6 13. Bd2 Rf6 14. f3 Nxd2 15.
Qxd2 a5 16. Rfc1 Bc8 17. Ne5 Bb7 18. Qe2 Rc8 19. Nxc6 Bxc6 20. f4 Bb7 21. Qd3
g4 22. Rc2 Qd7 23. Rd1 a4 24. Nc1 c5 25. dxc5 Bxc5 26. Re2 Rd6 27. a3 b5 28.
Ree1 Kg7 29. Ne2 Ba6 30. Nd4 b4 31. Qxf5 Bxd4 32. Qxd7+ Rxd7 33. Rxd4 bxa3 34.
bxa3 Rc4 35. Red1 Rc3 36. Rxa4 Bc4 37. Rb4 Re7 38. Bxd5 Bxd5 39. Rxd5 Rcxe3 40.
Rb2 Rxa3 41. Rg5+ Kf6 42. Rxg4 Kf5 43. Rg5+ Ke4 44. Kg2 1-0

[Event "Copa Latina 2015"]
[Site "Vicente Lopez ARG"]
[Date "2015.03.19"]
[Round "1.14"]
[White "Kapitanchuk, Tomas"]
[Black "Salinas Herrera, Pablo"]
[Result "0-1"]
[WhiteElo "2031"]
[BlackElo "2440"]
[PlyCount "78"]
[EventDate "2015.03.19"]
[EventType "swiss"]
[EventRounds "9"]
[EventCountry "ARG"]
[Source "lmi"]
[SourceDate "2015.03.19"]

1. e4 e6 2. d4 d5 3. Nd2 Be7 4. c3 c5 5. Ngf3 cxd4 6. cxd4 dxe4 7. Nxe4 Nf6 8.
Nxf6+ Bxf6 9. Be3 Nc6 10. Qd2 O-O 11. Be2 Qd5 12. O-O Rd8 13. Rfd1 b6 14. Rac1
Bb7 15. b4 Rac8 16. Rc3 Qd6 17. a3 Ne7 18. Rdc1 Rxc3 19. Rxc3 Nd5 20. Rc2 h6
21. Qc1 Ra8 22. b5 Rd8 23. Rc4 Rd7 24. a4 Rd8 25. Kf1 Nxe3+ 26. fxe3 g5 27. Rc7
Bxf3 28. Bxf3 Qxh2 29. Qc2 g4 30. Be4 Bg5 31. Ke2 Qg3 32. Bh7+ Kf8 33. Rxa7
Qxg2+ 34. Kd3 Qf1+ 35. Kd2 Qf2+ 36. Kd1 Rxd4+ 37. Bd3 Qg1+ 38. Kd2 Qxe3+ 39.
Kc3 Bf6 0-1

[Event "Copa Latina 2015"]
[Site "Vicente Lopez ARG"]
[Date "2015.03.19"]
[Round "1.15"]
[White "Barbosa, Evandro Amorim"]
[Black "Puppi Lazo, Jorge Luis"]
[Result "1/2-1/2"]
[WhiteElo "2439"]
[BlackElo "2022"]
[PlyCount "78"]
[EventDate "2015.03.19"]
[EventType "swiss"]
[EventRounds "9"]
[EventCountry "ARG"]
[Source "lmi"]
[SourceDate "2015.03.19"]

1. e4 c5 2. Nf3 e6 3. d3 Nc6 4. g3 d5 5. Qe2 dxe4 6. dxe4 e5 7. c3 Nf6 8. Bg2
Be7 9. O-O O-O 10. Nbd2 Qc7 11. Nc4 Be6 12. Ng5 Bxc4 13. Qxc4 a6 14. Qe2 b5 15.
Bd2 Rab8 16. Rfc1 c4 17. b3 h6 18. Nf3 Bc5 19. Nh4 Rfd8 20. Nf5 Rd3 21. Be3 Ne7
22. Bxc5 Qxc5 23. Ne3 Rbd8 24. bxc4 bxc4 25. a4 Nc6 26. Rab1 Na5 27. Nd5 Qa3
28. Nxf6+ gxf6 29. Qg4+ Kh7 30. Bf1 Rd2 31. Ra1 Qc5 32. Qf5+ Kg7 33. Qg4+ Kh7
34. Qf5+ Kg7 35. Re1 Nb3 36. Rab1 Qc6 37. Re3 Qxa4 38. Rf3 R2d6 39. Qg4+ Kh7
1/2-1/2

[Event "Copa Latina 2015"]
[Site "Vicente Lopez ARG"]
[Date "2015.03.19"]
[Round "1.16"]
[White "Roman, Rodrigo"]
[Black "Fiorito, Fabian"]
[Result "0-1"]
[WhiteElo "2006"]
[BlackElo "2438"]
[PlyCount "61"]
[EventDate "2015.03.19"]
[EventType "swiss"]
[EventRounds "9"]
[EventCountry "ARG"]
[Source "lmi"]
[SourceDate "2015.03.19"]

1. Nf3 Nf6 2. d4 g6 3. Bg5 Bg7 4. Nbd2 d6 5. e4 O-O 6. Bc4 c5 7. c3 cxd4 8.
Nxd4 Nc6 9. Nxc6 bxc6 10. O-O h6 11. Bh4 a5 12. Re1 Qb6 13. Qc2 g5 14. Bg3 Nh5
15. Nf1 Qc5 16. Be2 Nf4 17. Ne3 Rb8 18. Bxf4 gxf4 19. Nf5 Qe5 20. Rad1 Kh8 21.
Rd3 Bxf5 22. exf5 Qxf5 23. Qd2 d5 24. Rh3 e5 25. c4 e4 26. Rh5 Qf6 27. cxd5
Rxb2 28. Qxa5 f3 29. Bf1 fxg2 30. Be2 e3 31. f3 0-1

[Event "Copa Latina 2015"]
[Site "Vicente Lopez ARG"]
[Date "2015.03.19"]
[Round "1.17"]
[White "Slipak, Sergio"]
[Black "Strok, Boris"]
[Result "1-0"]
[WhiteElo "2436"]
[BlackElo "2000"]
[PlyCount "132"]
[EventDate "2015.03.19"]
[EventType "swiss"]
[EventRounds "9"]
[EventCountry "ARG"]
[Source "lmi"]
[SourceDate "2015.03.19"]

1. d4 Nf6 2. Nf3 g6 3. c4 Bg7 4. Nc3 O-O 5. Bg5 c5 6. d5 h6 7. Bh4 Qa5 8. Nd2
g5 9. Bg3 d6 10. e3 b5 11. cxb5 a6 12. Nc4 Qd8 13. a4 Nbd7 14. Be2 axb5 15.
axb5 Bb7 16. e4 Nb6 17. O-O Nxc4 18. Bxc4 Nd7 19. Qc2 Nb6 20. Be2 Qd7 21. Rad1
Ra7 22. f4 Rfa8 23. fxg5 hxg5 24. Rf5 f6 25. h4 gxh4 26. Bxh4 e6 27. Rh5 Ra1
28. Bg4 f5 29. exf5 Bd4+ 30. Kh2 Rxd1 31. Nxd1 Be5+ 32. Kh1 Qxb5 33. Be2 Qa4
34. Qxa4 Rxa4 35. dxe6 Re4 36. Bf3 Rd4 37. Nf2 Bxf3 38. gxf3 Nd5 39. e7 Kf7 40.
Rh7+ Ke8 41. Ne4 Rd1+ 42. Kg2 Ne3+ 43. Kf2 Nxf5 44. Nf6+ Bxf6 45. Bxf6 Kd7 46.
Rh8 Nxe7 47. Rh7 Ke6 48. Bxe7 Rd2+ 49. Ke3 Rxb2 50. Bf8 Rb3+ 51. Kf4 Rd3 52.
Rh6+ Kd7 53. Ke4 Rd1 54. f4 c4 55. f5 c3 56. Rh2 d5+ 57. Ke5 Rd2 58. Rh7+ Kc6
59. Bh6 Re2+ 60. Kd4 c2 61. f6 Rh2 62. f7 Rf2 63. Be3 Kb5 64. Bxf2 c1=Q 65.
f8=Q Qc4+ 66. Ke5 Qe2+ 1-0

[Event "Copa Latina 2015"]
[Site "Vicente Lopez ARG"]
[Date "2015.03.19"]
[Round "1.18"]
[White "Palu, Andres"]
[Black "Real De Azua, Ernesto"]
[Result "0-1"]
[WhiteElo "1995"]
[BlackElo "2435"]
[PlyCount "62"]
[EventDate "2015.03.19"]
[EventType "swiss"]
[EventRounds "9"]
[EventCountry "ARG"]
[Source "lmi"]
[SourceDate "2015.03.19"]

1. e4 c5 2. Nc3 a6 3. f4 b5 4. Nf3 Bb7 5. d3 e6 6. g3 d6 7. Bg2 Be7 8. O-O Nf6
9. e5 Nd5 10. Ne4 dxe5 11. Nxe5 Qc7 12. c4 Nf6 13. cxb5 axb5 14. Nxf7 Kxf7 15.
Ng5+ Kg8 16. Nxe6 Qd7 17. Bxb7 Qxb7 18. f5 h6 19. Bf4 Nc6 20. Qb3 Kh7 21. Nc7
c4 22. Qxb5 Qxb5 23. Nxb5 cxd3 24. Rfd1 Rhd8 25. Rac1 Nb4 26. a3 Nc2 27. Nc3
Bc5+ 28. Kh1 Be3 29. Bxe3 Nxe3 30. Rd2 Nc4 31. Rf2 d2 0-1

[Event "Copa Latina 2015"]
[Site "Vicente Lopez ARG"]
[Date "2015.03.19"]
[Round "1.19"]
[White "Dos Santos, Ramiro"]
[Black "Radoszta, Armando E"]
[Result "1-0"]
[WhiteElo "2431"]
[BlackElo "1994"]
[PlyCount "67"]
[EventDate "2015.03.19"]
[EventType "swiss"]
[EventRounds "9"]
[EventCountry "ARG"]
[Source "lmi"]
[SourceDate "2015.03.19"]

1. d4 d5 2. c4 c6 3. Nc3 Nf6 4. e3 g6 5. Nf3 Bg7 6. Bd3 O-O 7. O-O Bg4 8. h3
Bxf3 9. Qxf3 e6 10. Rd1 Re8 11. e4 dxe4 12. Bxe4 Nxe4 13. Nxe4 f5 14. Nc5 Bxd4
15. Nxb7 Bxf2+ 16. Kf1 Qe7 17. Nd6 Rd8 18. Kxf2 Rxd6 19. Bg5 Qd7 20. Rxd6 Qxd6
21. Rd1 Qc5+ 22. Be3 Qe7 23. b4 e5 24. Bc5 Qe8 25. b5 e4 26. Qf4 Nd7 27. Bd4
cxb5 28. Qd6 Rc8 29. c5 Qf7 30. c6 e3+ 31. Bxe3 Nf6 32. Kg1 Ne8 33. Qd7 Rc7 34.
Bf4 1-0

[Event "Copa Latina 2015"]
[Site "Vicente Lopez ARG"]
[Date "2015.03.19"]
[Round "1.20"]
[White "Galleto, Ricardo"]
[Black "Molina, Roberto Junio Brito"]
[Result "0-1"]
[WhiteElo "1986"]
[BlackElo "2431"]
[PlyCount "52"]
[EventDate "2015.03.19"]
[EventType "swiss"]
[EventRounds "9"]
[EventCountry "ARG"]
[Source "lmi"]
[SourceDate "2015.03.19"]

1. e4 c5 2. Nc3 e6 3. f4 Nc6 4. Nf3 a6 5. a4 d5 6. e5 Nh6 7. Be2 Be7 8. O-O O-O
9. d3 Nf5 10. Qe1 f6 11. g4 Nfd4 12. exf6 Bxf6 13. Bd1 Nxf3+ 14. Rxf3 Qd6 15.
Rh3 g6 16. Qg3 Bd7 17. Ne2 Rae8 18. c3 Rf7 19. Bd2 e5 20. Qg2 exf4 21. Bxf4 Be5
22. Bxe5 Nxe5 23. Rg3 Ref8 24. Nc1 d4 25. Be2 Bc6 26. Qh3 Qd5 0-1

[Event "Copa Latina 2015"]
[Site "Vicente Lopez ARG"]
[Date "2015.03.19"]
[Round "1.21"]
[White "Villanueva, Mario"]
[Black "Ulloa, Gabriel"]
[Result "1-0"]
[WhiteElo "2430"]
[BlackElo "1986"]
[PlyCount "87"]
[EventDate "2015.03.19"]
[EventType "swiss"]
[EventRounds "9"]
[EventCountry "ARG"]
[Source "lmi"]
[SourceDate "2015.03.19"]

1. e4 e5 2. Nf3 Nc6 3. Bb5 g6 4. c3 d6 5. d4 Bd7 6. O-O Nf6 7. d5 Ne7 8. Bxd7+
Qxd7 9. Qe2 Bg7 10. c4 O-O 11. Nc3 Nh5 12. Be3 Nf4 13. Bxf4 exf4 14. e5 dxe5
15. Nxe5 Bxe5 16. Qxe5 f3 17. Ne4 Qd8 18. Nf6+ Kg7 19. Nd7+ f6 20. Nxf8 fxe5
21. Ne6+ Kf6 22. Nxd8 Rxd8 23. gxf3 Nf5 24. Rae1 c6 25. dxc6 bxc6 26. Rd1 Nd4
27. Kg2 c5 28. Rfe1 Rb8 29. b3 a5 30. Re4 g5 31. Rde1 Nc6 32. h4 h6 33. hxg5+
hxg5 34. Rh1 Kg6 35. Rd1 Kf5 36. Rd5 Re8 37. Rxc5 Re6 38. Rb5 Rd6 39. Rb6 Re6
40. a3 Nd4 41. Rxe6 Kxe6 42. b4 axb4 43. axb4 Kd6 44. Rxd4+ 1-0

[Event "Copa Latina 2015"]
[Site "Vicente Lopez ARG"]
[Date "2015.03.19"]
[Round "1.22"]
[White "Cisneros, German"]
[Black "Rios, Cristhian Camilo"]
[Result "0-1"]
[WhiteElo "1981"]
[BlackElo "2415"]
[PlyCount "82"]
[EventDate "2015.03.19"]
[EventType "swiss"]
[EventRounds "9"]
[EventCountry "ARG"]
[Source "lmi"]
[SourceDate "2015.03.19"]

1. e4 c5 2. Nf3 e6 3. d3 d5 4. Nbd2 Nc6 5. g3 Bd6 6. Bg2 Nge7 7. O-O O-O 8. c3
b6 9. Re1 Qc7 10. Nf1 Ba6 11. exd5 exd5 12. d4 Rad8 13. Bg5 h6 14. Bh4 f6 15.
g4 Ng6 16. Ng3 Bc8 17. Nf5 Bf4 18. Bg3 cxd4 19. N3xd4 Nce5 20. Nb5 Qc5 21. Nbd6
Rxd6 22. Nxd6 Qxd6 23. Qxd5+ Qxd5 24. Bxd5+ Kh8 25. Re4 Bxg3 26. hxg3 Bxg4 27.
f4 Nd7 28. Rae1 h5 29. Re8 Kh7 30. b4 h4 31. Kf2 h3 32. a4 f5 33. Rxf8 Ngxf8
34. c4 Nf6 35. a5 bxa5 36. bxa5 N8d7 37. Re7 Nxd5 38. cxd5 Nf6 39. Rxa7 Bd1 40.
g4 Nxg4+ 41. Kg3 h2 0-1

[Event "Copa Latina 2015"]
[Site "Vicente Lopez ARG"]
[Date "2015.03.19"]
[Round "1.23"]
[White "Gemy, Jose Daniel"]
[Black "Bulcourf, Carlos"]
[Result "1-0"]
[WhiteElo "2406"]
[BlackElo "1980"]
[PlyCount "107"]
[EventDate "2015.03.19"]
[EventType "swiss"]
[EventRounds "9"]
[EventCountry "ARG"]
[Source "lmi"]
[SourceDate "2015.03.19"]

1. Nf3 b5 2. g3 Bb7 3. Bg2 c5 4. O-O Nf6 5. d3 Bxf3 6. Bxf3 Nc6 7. Bg2 e6 8. e4
Be7 9. Re1 h5 10. e5 Ng4 11. Bxc6 dxc6 12. h3 Nh6 13. Qxh5 g6 14. Qf3 Qd5 15.
Qxd5 cxd5 16. g4 Kd7 17. c4 bxc4 18. dxc4 d4 19. Bd2 Ng8 20. Kg2 f6 21. exf6
Bxf6 22. Bf4 Ne7 23. Nd2 Nc6 24. Ne4 Be7 25. Bg5 Rhc8 26. Bxe7 Nxe7 27. Nf6+
Kd6 28. Ne4+ Kd7 29. Ng5 Rc6 30. Re5 a5 31. Rae1 a4 32. Nxe6 Rac8 33. Nxc5+
Rxc5 34. Rxe7+ Kd8 35. R7e4 Rxc4 36. Rd1 Ra8 37. Rdxd4+ Rxd4 38. Rxd4+ Ke7 39.
h4 Kf6 40. b3 axb3 41. axb3 Ra1 42. Rd6+ Kf7 43. Kg3 Rb1 44. Rb6 Rh1 45. f3 Rd1
46. Kf4 Rd3 47. Ke4 Rd1 48. b4 Rh1 49. Kf4 Rc1 50. Kg5 Rc4 51. Rf6+ Ke7 52.
Kxg6 Rxb4 53. h5 Rb8 54. Rf7+ 1-0

[Event "Copa Latina 2015"]
[Site "Vicente Lopez ARG"]
[Date "2015.03.19"]
[Round "1.24"]
[White "Alvarez, Alberto Elias"]
[Black "Quintiliano Pinto, Renato R"]
[Result "0-1"]
[WhiteElo "1967"]
[BlackElo "2403"]
[PlyCount "38"]
[EventDate "2015.03.19"]
[EventType "swiss"]
[EventRounds "9"]
[EventCountry "ARG"]
[Source "lmi"]
[SourceDate "2015.03.19"]

1. e4 c5 2. Nf3 d6 3. d4 cxd4 4. Qxd4 Nc6 5. Bb5 Bd7 6. Bxc6 Bxc6 7. Nc3 Nf6 8.
Bg5 e6 9. O-O-O Be7 10. Rhe1 O-O 11. e5 dxe5 12. Qh4 Qb6 13. Nxe5 Rfd8 14.
Rxd8+ Rxd8 15. Nxc6 Qxc6 16. Ne4 Rc8 17. c3 Nxe4 18. Bxe7 Nxc3 19. Bg5 Nd1+ 0-1

[Event "Copa Latina 2015"]
[Site "Vicente Lopez ARG"]
[Date "2015.03.19"]
[Round "1.25"]
[White "Della Morte, German"]
[Black "Boff, Andre Ricardo"]
[Result "1-0"]
[WhiteElo "2401"]
[BlackElo "1962"]
[PlyCount "61"]
[EventDate "2015.03.19"]
[EventType "swiss"]
[EventRounds "9"]
[EventCountry "ARG"]
[Source "lmi"]
[SourceDate "2015.03.19"]

1. e4 e6 2. d4 d5 3. Nc3 Bb4 4. e5 c5 5. a3 Bxc3+ 6. bxc3 Qa5 7. Bd2 Qa4 8. Qg4
g6 9. Qd1 b6 10. Nf3 Ba6 11. Bxa6 Qxa6 12. dxc5 bxc5 13. Qe2 Qxe2+ 14. Kxe2 Nd7
15. Rhb1 Ne7 16. Rb7 Nc6 17. Bh6 Na5 18. Rb5 Nc4 19. Bg7 Rg8 20. Bf6 a6 21. Rb7
h6 22. h4 Nxf6 23. exf6 g5 24. hxg5 hxg5 25. Re7+ Kf8 26. Rh1 Re8 27. Ra7 g4
28. Nd2 Ne5 29. Rh5 Ng6 30. Rh7 Ne5 31. f4 1-0